| Поле | Название | Значение |
| |
Тип записи |
a |
| |
Библиографический уровень |
m |
| 001 |
Контрольный номер |
RU\infra-m\znanium\bibl\403676 |
| 005 |
Дата корректировки |
20260429142347.3 |
| 008 |
Кодируемые данные |
191128s2012 RU g rus u |
| 020 |
Индекс ISBN |
__ |
| a |
ISBN |
978-5-9558-0300-5 |
| 040 |
Источник каталогиз. |
__ |
| a |
Служба первич. каталог. |
Общество с ограниченной ответственностью «ЗНАНИУМ» |
| 041 |
Код языка издания |
__ |
| a |
Код языка текста |
rus |
| 044 |
Код страны публикации |
__ |
| a |
Код страны публикации |
RU |
| 080 |
Индекс УДК |
__ |
| a |
Индекс УДК |
811161 |
| 084 |
Индекс другой классификации/Индекс ББК |
__ |
| 2 |
Источник индекса |
rubbk |
| a |
Индекс другой классификации/Индекс ББК |
8120 |
| 084 |
Индекс другой классификации/Индекс ББК |
__ |
| 2 |
Источник индекса |
okso |
| a |
Индекс другой классификации/Индекс ББК |
44.03.01 |
| 084 |
Индекс другой классификации/Индекс ББК |
__ |
| 2 |
Источник индекса |
okso |
| a |
Индекс другой классификации/Индекс ББК |
44.03.02 |
| 084 |
Индекс другой классификации/Индекс ББК |
__ |
| 2 |
Источник индекса |
okso |
| a |
Индекс другой классификации/Индекс ББК |
44.03.03 |
| 084 |
Индекс другой классификации/Индекс ББК |
__ |
| 2 |
Источник индекса |
okso |
| a |
Индекс другой классификации/Индекс ББК |
44.03.04 |
| 084 |
Индекс другой классификации/Индекс ББК |
__ |
| 2 |
Источник индекса |
okso |
| a |
Индекс другой классификации/Индекс ББК |
44.03.05 |
| 084 |
Индекс другой классификации/Индекс ББК |
__ |
| 2 |
Источник индекса |
okso |
| a |
Индекс другой классификации/Индекс ББК |
45.03.01 |
| 084 |
Индекс другой классификации/Индекс ББК |
__ |
| 2 |
Источник индекса |
okso |
| a |
Индекс другой классификации/Индекс ББК |
45.03.02 |
| 084 |
Индекс другой классификации/Индекс ББК |
__ |
| 2 |
Источник индекса |
okso |
| a |
Индекс другой классификации/Индекс ББК |
45.03.03 |
| 084 |
Индекс другой классификации/Индекс ББК |
__ |
| 2 |
Источник индекса |
okso |
| a |
Индекс другой классификации/Индекс ББК |
45.03.04 |
| 084 |
Индекс другой классификации/Индекс ББК |
__ |
| 2 |
Источник индекса |
okso |
| a |
Индекс другой классификации/Индекс ББК |
45.03.99 |
| 100 |
Автор |
__ |
| a |
Автор |
Мандель Б.Р. |
| q |
Полное имя |
Мандель Борис Рувимович |
| u |
Дополнение |
Сибирский университет потребительской кооперации |
| 245 |
Заглавие |
__ |
| a |
Заглавие |
Современный русский язык: лексика, словообразование, морфология |
| b |
Продолж. заглавия |
Учебное пособие |
| c |
Ответственность |
Сибирский университет потребительской кооперации |
| 250 |
Сведения об издании |
__ |
| a |
Основные сведения об издании |
1 |
| 260 |
Выходные данные |
__ |
| a |
Место издания |
Москва |
| b |
Издательство |
Вузовский учебник |
| c |
Дата издания |
2013 |
| 300 |
Физическое описание |
__ |
| a |
Объем |
374 с. |
| 520 |
Аннотация |
__ |
| a |
Аннотация |
Учебное пособие для студентов высших учебных заведений гуманитарного направления (специалитет бакалавриат магистратура). Пособие представляет собой не просто учебник с материалами по современному русскому языку с выделением его разделов с материалами для практических занятий но и книгу содержащую сведения по лингвистике книгу где материалы о происхождении и истории современного русского языка будут и соседствовать и органически вписываться в общую систему изучения современного русского языка. Выделение отдельных разделов пособия будет в принципе соответствовать традиционному хотя несогласие автора с отдельными формулировками и дефинициями проявится довольно заметно что однако никак не повлияет на общую концепцию пособия цель которого не только научить языку но и представить наиболее свежие современные сведения по развитию современного русского языка с точки зрения человека XXI века. |
| 521 |
Примеч. о цел. назн. |
__ |
| a |
Примеч. о целев. назн. |
ВО - Бакалавриат |
| 650 |
Тематические рубрики |
__ |
| a |
Основная рубрика |
Филологические науки |
| x |
Основная подрубрика |
Русский язык |
| 655 |
Указ. предметных рубрик (устаревшее) |
__ |
| a |
Жанр/ форма (устаревшее) |
Учебное пособие |
| 856 |
Электронный адрес документа |
4_ |
| a |
Имя сервера/домена |
znanium.com |
| m |
Помощь |
ebs_support@infra-m.ru |
| n |
Местонахождение сервера |
НИЦ ИНФРА-М |
| u |
URL |
https://znanium.com/catalog/document?id=150661 |
| 856 |
Электронный адрес документа |
48 |
| a |
Имя сервера/домена |
znanium.com |
| d |
Путь |
/cover/0403 |
| f |
Электронное имя |
403676.jpg |
| q |
Тип электронного формата |
image/jpeg |
| u |
URL |
https://znanium.com/cover/0403/403676.jpg |
| 911 |
|
__ |
| u |
|
0030=https://znanium.com/catalog/document?id=150661 |